Accounting : What the number mean

Bibliographic Details
Main Author: Marshall, David H.
Other Authors: McManus, Wayne W., Viele, Daniel F.
Format: Book
Published: New York : McGraw-Hill/Irwin , 2007
Edition:7th ed
Subjects:

MARC

LEADER 00000cam a2200000 7i4500
001 0000101915
005 20070227.0
020 |a 0073011215 
090 0 0 |a 657.3   |b MAR 
100 1 |a Marshall, David H. 
245 1 0 |a Accounting :   |b What the number mean   |c David H. Marshall, Wayne W. McManus, Daniel F. Viele 
250 |a 7th ed 
260 |a New York :   |b McGraw-Hill/Irwin ,   |c 2007 
300 |a 722p. ;   |c 26cm. 
650 0 0 |a Accounting 
650 0 0 |a Managerial accounting 
700 1 |a McManus, Wayne W. 
700 1 |a Viele, Daniel F. 
999 |a 00200527   |b BUKU   |c RUJUKAN   |e PERPUSTAKAAN KOMUNITI PETALING JAYA